La Ciudad de la Plata (Record no. 15152)

MARC details
000 -LEADER
campo de control de longitud fija 00350nam a2200133Ia 4500
005 - FECHA Y HORA DE LA ÚLTIMA TRANSACCIÓN
campo de control 20251222143256.0
008 - DATOS DE LONGITUD FIJA--INFORMACIÓN GENERAL
campo de control de longitud fija 251222s9999||||xx |||||||||||||| ||spa||
082 ## - NÚMERO DE LA CLASIFICACIÓN DECIMAL DEWEY
Número de clasificación 720/P29
100 ## - ENTRADA PRINCIPAL--NOMBRE DE PERSONA
Nombre de persona Paula, Alberto S.J. de
245 #0 - MENCIÓN DEL TÍTULO
Título La Ciudad de la Plata
250 ## - MENCION DE EDICION
Mención de edición 1ra.ed.
264 ## - PRODUCCIÓN, PUBLICACIÓN, DISTRIBUCIÓN, FABRICACIÓN Y COPYRIGHT
Nombre del de productor, editor, distribuidor, fabricante Ediciones del Banco de la Provincia de Buenos Aires
942 ## - ELEMENTOS DE ENTRADA SECUNDARIOS (KOHA)
Tipo de ítem Koha Libros
Holdings
Estatus retirado Estado de pérdida Estado de daño No para préstamo Biblioteca de origen Biblioteca actual Ubicación en estantería Fecha de adquisición Total de préstamos Signatura topográfica completa Código de barras Visto por última vez Precio de reemplazo Tipo de ítem Koha
        Biblioteca Central Biblioteca Central Programa 22/12/2025   720/P29 0021955 22/12/2025 22/12/2025 Libros